Sports Quiz

Random Sports or Blitz Quiz
Score 0/9 Timer 00:15
0 Plays Today
% Correct
Lionel
92.7%
Gareth
87.5%
Karim
83.4%
Mohamed
75.2%
Luka
72.8%
Wayne
70.5%
Sergio
68%
Megan
66.4%
Sadio
58.2%
Remove Ads.
Support Sporcle.
Get the best of Sporcle when you Go Orange. This ad-free experience offers more features, more stats, and more fun while also helping to support Sporcle. Thank you for becoming a member.

You're not logged in!

Compare scores with friends on all Sporcle quizzes.
OR
Log In

Show Comments

Extras

Top Quizzes Today


Score Distribution

Your Account Isn't Verified!

In order to create a playlist on Sporcle, you need to verify the email address you used during registration. Go to your Sporcle Settings to finish the process.

Report this User

Report this user for behavior that violates our Community Guidelines.

Details: